{"text_format":"3","workbook":"xlsx","n_sheets":1,"sheets":["Протокол ШЭ ВОШ по предмету"],"not_rendered":{"defined_names":1},"read":"whole","date_system":"1900"}

{"sheet":"Протокол ШЭ ВОШ по предмету","index":0,"n_rows":31,"n_cols":15,"rows_kept":31}
["№","Фамилия","Имя","Отчество","Дата рождения","Пол","Участник с ОВЗ (да/нет)","Класс обучения","Класс участия","Балл","Максимальный балл","Статус","Призёр муниципального этапа прошлого года","ФИО учителя","Место работы учителя"]
[1,"Аллун","Ильяс","Фейсалович","04.12.2011.","М","нет",5,5,22,25,"победитель","нет","Касимова Рамзия Мидхатовна","МБОУ \"Лицей-интернат №24\"НМР РТ"]
[2,"Баязитов","Эмиль","Ленарович","2011-12-17","М","нет",5,5,17,25,"призер","                   нет","Касимова Рамзия Мидхатовна","МБОУ \"Лицей-интернат №24\"НМР РТ"]
[3,"Набиуллин","Амир","Ильмирович","2011-11-24","М","нет",5,5,15,25,"призер","                  нет","Касимова Рамзия Мидхатовна","МБОУ \"Лицей-интернат №24\"НМР РТ"]
[4,"Долганов ","Владимир","Андреевич","2011-11-06","М","нет",5,5,10,25,"         Участник","                  нет","Касимова Рамзия Мидхатовна","МБОУ \"Лицей-интернат №24\"НМР РТ"]
[5,"Кузьмин ","Егор","Павлович","2011-06-13","М","нет",5,5,10,25,"            участник","                   нет","Касимова Рамзия Мидхатовна","МБОУ \"Лицей-интернат №24\"НМР РТ"]
[6,"Лобанов","Кирилл","Дмитриевич","2010-09-06","М","нет",6,6,31,55,"призер","                   нет","Касимова Рамзия Мидхатовна","МБОУ \"Лицей-интернат №24\"НМР РТ"]
[7,"Мухаметгалиев","Данис","Ильнарович","2010-03-06","М","нет",6,6,30,55,"призер","нет","Касимова Рамзия Мидхатовна","МБОУ \"Лицей-интернат №24\"НМР РТ"]
[8,"Юсупов","Билал","Ильнурович","2010-03-06","М","нет",6,6,24,55,"             участник","                  нет","Касимова Рамзия Мидхатовна","МБОУ \"Лицей-интернат №24\"НМР РТ"]
[9,"Бадрутдинов","Тимур","Эдуардович","2010-03-17","М","нет",6,6,21,55,"            участник","                  нет","Касимова Рамзия Мидхатовна","МБОУ \"Лицей-интернат №24\"НМР РТ"]
[10,"Бендюков","Савелий","Алексеевич","2010-01-25","М","нет",6,6,18,55,"              участник","                нет","Касимова Рамзия Мидхатовна","МБОУ \"Лицей-интернат №24\"НМР РТ"]
[11,"Шандыров","Роман","Витальевич","2009-12-11","М","нет",6,6,17,55,"            участник","                   нет","Касимова Рамзия Мидхатовна","МБОУ \"Лицей-интернат №24\"НМР РТ"]
[12,"Хаертдинов","Самат","Русланович","2009-11-18","М","нет",6,6,17,55,"              участник","                   нет","Касимова Рамзия Мидхатовна","МБОУ \"Лицей-интернат №24\"НМР РТ"]
[13,"Ахметшин","Рамир","Русланович","2010-10-07","М","нет",6,6,15,55,"              участник","                  нет","Касимова Рамзия Мидхатовна","МБОУ \"Лицей-интернат №24\"НМР РТ"]
[14,"Габдрахманов","Дамир","Ильнарович","2010-05-26","М","нет",6,6,15,55,"               участник","                  нет","Касимова Рамзия Мидхатовна","МБОУ \"Лицей-интернат №24\"НМР РТ"]
[15,"Мусин","Амирхан","Рустемович","2010-06-19","М","нет",6,6,11,55,"               участник","                   нет","Касимова Рамзия Мидхатовна","МБОУ \"Лицей-интернат №24\"НМР РТ"]
[16,"Шайдуллин","Айбулат","Айдарович","2010-06-29","М","нет",6,6,11,55,"              участник","                  нет","Касимова Рамзия Мидхатовна","МБОУ \"Лицей-интернат №24\"НМР РТ"]
[17,"Юсупов","Альмир","Маратович","2008-03-31","М","нет",7,7,28,50,"призер","                  нет","Касимова Рамзия Мидхатовна","МБОУ \"Лицей-интернат №24\"НМР РТ"]
[18,"Складчиков ","Данила","Сергеевич","2009-04-01","М","нет",7,7,27,50,"призер","                 нет","Касимова Рамзия Мидхатовна","МБОУ \"Лицей-интернат №24\"НМР РТ"]
[19,"Николаев ","Мижаил","Андреевич","2009-11-22","М","нет",7,7,23,50,"              участник","                 нет","Касимова Рамзия Мидхатовна","МБОУ \"Лицей-интернат №24\"НМР РТ"]
[20,"Муртазин","Сайдаш","Маратович","2009-01-05","М","нет",7,7,23,50,"               участник","                  нет","Касимова Рамзия Мидхатовна","МБОУ \"Лицей-интернат №24\"НМР РТ"]
[21,"Колесников ","Герман","Вадимович","2009-11-16","М","нет",7,7,22,50,"              участник","                    нет","Касимова Рамзия Мидхатовна","МБОУ \"Лицей-интернат №24\"НМР РТ"]
[22,"Сахибгареев","Мурат","Марсович","2009-03-13","М","нет",7,7,14,50,"              участник","                 нет","Касимова Рамзия Мидхатовна","МБОУ \"Лицей-интернат №24\"НМР РТ"]
[23,"Аллун","Абдульбари","Фейсал","2008-06-08","М","нет",8,8,52,61,"победитель","призер","Касимова Рамзия Мидхатовна","МБОУ \"Лицей-интернат №24\"НМР РТ"]
[24,"Тураев","Кирилл","Александрович","2008-10-30","М","нет",8,8,37,61,"призер","                  нет","Касимова Рамзия Мидхатовна","МБОУ \"Лицей-интернат №24\"НМР РТ"]
[25,"Акулинин","Александр","Сергеевич","2008-12-24","М","нет",8,8,35,61,"призер","                  нет","Касимова Рамзия Мидхатовна","МБОУ \"Лицей-интернат №24\"НМР РТ"]
[26,"Яруллин","Ильяс","Фаязович","2008-05-10","М","нет",8,8,25,61,"             участник","                нет","Касимова Рамзия Мидхатовна","МБОУ \"Лицей-интернат №24\"НМР РТ"]
[27,"Фатыхов","Камиль","Ленрович","2008-02-25","М","нет",8,8,25,61,"             участник","                 нет","Касимова Рамзия Мидхатовна","МБОУ \"Лицей-интернат №24\"НМР РТ"]
[28,"Капралов","Дамир","Станиславович","2008-03-31","М","нет",8,8,25,61,"             участник","                 нет","Касимова Рамзия Мидхатовна","МБОУ \"Лицей-интернат №24\"НМР РТ"]
[29,"Хамидуллин","Райнур","Ренатович","     05.12.2006","М","нет",9,9,39,60,"призер","              призер","Касимова Рамзия Мидхатовна","МБОУ \"Лицей-интернат №24\"НМР РТ"]
[30,"Андреев","Валерий","Вячеславович","26.032007","М","нет",9,9,25,60,"            участник","                 нет","Касимова Рамзия Мидхатовна","МБОУ \"Лицей-интернат №24\"НМР РТ"]